<?xml version="1.0" encoding="UTF-8"?>
<record
    xmlns:xsi="http://www.w3.org/2001/XMLSchema-instance"
    xsi:schemaLocation="http://www.loc.gov/MARC21/slim http://www.loc.gov/standards/marcxml/schema/MARC21slim.xsd"
    xmlns="http://www.loc.gov/MARC21/slim">

  <leader>02602cam a2200517 i 4500</leader>
  <datafield tag="999" ind1=" " ind2=" ">
    <subfield code="c">17378</subfield>
    <subfield code="d">17378</subfield>
  </datafield>
  <controlfield tag="001">18524020</controlfield>
  <controlfield tag="005">20190406020056.0</controlfield>
  <controlfield tag="008">150311t20162015txu           000 1 eng d</controlfield>
  <datafield tag="010" ind1=" " ind2=" ">
    <subfield code="a">  2015935847</subfield>
  </datafield>
  <datafield tag="020" ind1=" " ind2=" ">
    <subfield code="a">9781941920046 (pbk. : acidfree paper)</subfield>
  </datafield>
  <datafield tag="020" ind1=" " ind2=" ">
    <subfield code="a">1941920047 (pbk. : acidfree paper)</subfield>
  </datafield>
  <datafield tag="020" ind1=" " ind2=" ">
    <subfield code="z">9781941920053 (ebk.)</subfield>
  </datafield>
  <datafield tag="035" ind1=" " ind2=" ">
    <subfield code="a">(OCoLC)ocn903424779</subfield>
  </datafield>
  <datafield tag="040" ind1=" " ind2=" ">
    <subfield code="a">YDXCP</subfield>
    <subfield code="b">eng</subfield>
    <subfield code="c">YDXCP</subfield>
    <subfield code="e">rda</subfield>
    <subfield code="d">BDX</subfield>
    <subfield code="d">OCLCQ</subfield>
    <subfield code="d">BTCTA</subfield>
    <subfield code="d">LEB</subfield>
    <subfield code="d">CDU</subfield>
    <subfield code="d">OCLCO</subfield>
    <subfield code="d">NYP</subfield>
    <subfield code="d">UOK</subfield>
    <subfield code="d">CGP</subfield>
    <subfield code="d">OCLCF</subfield>
    <subfield code="d">OCLCO</subfield>
    <subfield code="d">MNY</subfield>
    <subfield code="d">IDU</subfield>
    <subfield code="d">OCLCO</subfield>
    <subfield code="d">ZYU</subfield>
    <subfield code="d">VP@</subfield>
    <subfield code="d">DLC</subfield>
  </datafield>
  <datafield tag="041" ind1="1" ind2=" ">
    <subfield code="a">eng</subfield>
    <subfield code="h">fre</subfield>
  </datafield>
  <datafield tag="042" ind1=" " ind2=" ">
    <subfield code="a">lccopycat</subfield>
  </datafield>
  <datafield tag="043" ind1=" " ind2=" ">
    <subfield code="a">f------</subfield>
  </datafield>
  <datafield tag="050" ind1="0" ind2="0">
    <subfield code="a">PQ3989.3</subfield>
    <subfield code="b">.M94T7313  2015</subfield>
  </datafield>
  <datafield tag="100" ind1="1" ind2=" ">
    <subfield code="a">Mwanza Mujila, Fiston,</subfield>
    <subfield code="d">1981-</subfield>
    <subfield code="e">author.</subfield>
  </datafield>
  <datafield tag="240" ind1="1" ind2="0">
    <subfield code="a">Tram 83.</subfield>
    <subfield code="l">English</subfield>
  </datafield>
  <datafield tag="245" ind1="1" ind2="0">
    <subfield code="a">Tram 83 /</subfield>
    <subfield code="c">Fiston Mwanza Mujila ; translated from the French by Roland Glasser ; foreword by Alain Mabanckou.</subfield>
  </datafield>
  <datafield tag="246" ind1="3" ind2=" ">
    <subfield code="a">Tram eighty-three</subfield>
  </datafield>
  <datafield tag="250" ind1=" " ind2=" ">
    <subfield code="a">Special Etisalat edition.</subfield>
  </datafield>
  <datafield tag="300" ind1=" " ind2=" ">
    <subfield code="a">211 p. ;</subfield>
    <subfield code="c">21 cm</subfield>
  </datafield>
  <datafield tag="500" ind1=" " ind2=" ">
    <subfield code="a">Originally published in French as: Tram 83. Paris : &#xC9;ditions M&#xE9;taili&#xE9;, 2014.</subfield>
  </datafield>
  <datafield tag="520" ind1=" " ind2=" ">
    <subfield code="a">Exceptional debut Congolese novel uses jazz rhythm to evoke the frenzied exploitation of land and people in contemporary Africa.</subfield>
  </datafield>
  <datafield tag="520" ind1=" " ind2=" ">
    <subfield code="a">"In an unnamed African city in secession, profit-seekers of all languages and nationalities mix. They have only one desire: to make a fortune by exploiting the mineral wealth of the land.  Two friends: Lucien, a writer with literary ambitions home from abroad, and his childhood firend Requiem, who dreams of taking over the seedy underworld of their hometown, gather in the most notorious nightclub in town: the Tram 83."--back cover.</subfield>
  </datafield>
  <datafield tag="650" ind1=" " ind2="0">
    <subfield code="a">Gold mines and mining</subfield>
    <subfield code="z">Africa</subfield>
    <subfield code="v">Fiction.</subfield>
  </datafield>
  <datafield tag="650" ind1=" " ind2="0">
    <subfield code="a">Nightclubs</subfield>
    <subfield code="z">Africa</subfield>
    <subfield code="v">Fiction.</subfield>
  </datafield>
  <datafield tag="650" ind1=" " ind2="0">
    <subfield code="a">Outlaws</subfield>
    <subfield code="z">Africa</subfield>
    <subfield code="v">Fiction.</subfield>
  </datafield>
  <datafield tag="650" ind1=" " ind2="7">
    <subfield code="a">Gold mines and mining.</subfield>
    <subfield code="2">fast</subfield>
  </datafield>
  <datafield tag="650" ind1=" " ind2="7">
    <subfield code="a">Nightclubs.</subfield>
    <subfield code="2">fast</subfield>
  </datafield>
  <datafield tag="650" ind1=" " ind2="7">
    <subfield code="a">Outlaws.</subfield>
    <subfield code="2">fast</subfield>
  </datafield>
  <datafield tag="651" ind1=" " ind2="7">
    <subfield code="a">Africa.</subfield>
    <subfield code="2">fast</subfield>
  </datafield>
  <datafield tag="655" ind1=" " ind2="7">
    <subfield code="a">Fiction.</subfield>
    <subfield code="2">fast</subfield>
  </datafield>
  <datafield tag="700" ind1="1" ind2=" ">
    <subfield code="a">Glasser, Roland,</subfield>
    <subfield code="e">translator.</subfield>
  </datafield>
  <datafield tag="700" ind1="1" ind2=" ">
    <subfield code="a">Mabanckou, Alain,</subfield>
    <subfield code="d">1966-</subfield>
    <subfield code="e">writer of foreword.</subfield>
  </datafield>
  <datafield tag="942" ind1=" " ind2=" ">
    <subfield code="2">lcc</subfield>
    <subfield code="c">BOOKS</subfield>
    <subfield code="h">PR3989.3 .M94T7313 2015</subfield>
    <subfield code="0">113</subfield>
  </datafield>
  <datafield tag="952" ind1=" " ind2=" ">
    <subfield code="0">0</subfield>
    <subfield code="1">0</subfield>
    <subfield code="2">lcc</subfield>
    <subfield code="4">0</subfield>
    <subfield code="7">0</subfield>
    <subfield code="a">MUC</subfield>
    <subfield code="b">MUC</subfield>
    <subfield code="c">AFR</subfield>
    <subfield code="d">2016-11-23</subfield>
    <subfield code="e">Donation(daystar University)</subfield>
    <subfield code="l">17</subfield>
    <subfield code="o">PR3989.3 .M94T7313 2015</subfield>
    <subfield code="p">22575</subfield>
    <subfield code="r">2022-05-10</subfield>
    <subfield code="s">2022-05-10</subfield>
    <subfield code="w">2016-11-23</subfield>
    <subfield code="y">AFRICANA</subfield>
  </datafield>
  <datafield tag="952" ind1=" " ind2=" ">
    <subfield code="0">0</subfield>
    <subfield code="1">0</subfield>
    <subfield code="2">lcc</subfield>
    <subfield code="4">0</subfield>
    <subfield code="7">0</subfield>
    <subfield code="a">MUC</subfield>
    <subfield code="b">MUC</subfield>
    <subfield code="c">AFR</subfield>
    <subfield code="d">2016-11-23</subfield>
    <subfield code="e">Donation(daystar University)</subfield>
    <subfield code="l">16</subfield>
    <subfield code="o">PR3989.3 .M94T7313 2015</subfield>
    <subfield code="p">22576</subfield>
    <subfield code="r">2022-04-26</subfield>
    <subfield code="s">2022-04-26</subfield>
    <subfield code="w">2016-11-23</subfield>
    <subfield code="y">SH_L_BOOKS</subfield>
  </datafield>
  <datafield tag="952" ind1=" " ind2=" ">
    <subfield code="0">0</subfield>
    <subfield code="1">0</subfield>
    <subfield code="2">lcc</subfield>
    <subfield code="4">0</subfield>
    <subfield code="7">0</subfield>
    <subfield code="a">MUC</subfield>
    <subfield code="b">MUC</subfield>
    <subfield code="c">SPE</subfield>
    <subfield code="d">2016-11-23</subfield>
    <subfield code="e">Donation(Daystar University)</subfield>
    <subfield code="l">52</subfield>
    <subfield code="o">PR3989.3 .M94T7313 2015</subfield>
    <subfield code="p">22577</subfield>
    <subfield code="r">2021-11-03</subfield>
    <subfield code="s">2021-10-28</subfield>
    <subfield code="w">2016-11-23</subfield>
    <subfield code="y">BOOK</subfield>
  </datafield>
  <datafield tag="952" ind1=" " ind2=" ">
    <subfield code="0">0</subfield>
    <subfield code="1">0</subfield>
    <subfield code="2">lcc</subfield>
    <subfield code="4">0</subfield>
    <subfield code="7">0</subfield>
    <subfield code="a">MUC</subfield>
    <subfield code="b">MUC</subfield>
    <subfield code="c">AFR</subfield>
    <subfield code="d">2016-11-23</subfield>
    <subfield code="e">Donation(daystar University)</subfield>
    <subfield code="l">23</subfield>
    <subfield code="o">PR3989.3 .M94T7313 2015</subfield>
    <subfield code="p">22578</subfield>
    <subfield code="r">2022-04-06</subfield>
    <subfield code="s">2022-04-06</subfield>
    <subfield code="w">2016-11-23</subfield>
    <subfield code="y">AFRICANA</subfield>
  </datafield>
  <datafield tag="952" ind1=" " ind2=" ">
    <subfield code="0">0</subfield>
    <subfield code="1">0</subfield>
    <subfield code="2">lcc</subfield>
    <subfield code="4">0</subfield>
    <subfield code="7">0</subfield>
    <subfield code="a">MUC</subfield>
    <subfield code="b">MUC</subfield>
    <subfield code="c">AFR</subfield>
    <subfield code="d">2016-11-23</subfield>
    <subfield code="e">Donation(daystar University)</subfield>
    <subfield code="l">28</subfield>
    <subfield code="o">PR3989.3 .M94T7313 2015</subfield>
    <subfield code="p">22579</subfield>
    <subfield code="r">2022-05-04</subfield>
    <subfield code="s">2022-05-04</subfield>
    <subfield code="w">2016-11-23</subfield>
    <subfield code="y">AFRICANA</subfield>
  </datafield>
  <datafield tag="952" ind1=" " ind2=" ">
    <subfield code="0">0</subfield>
    <subfield code="1">0</subfield>
    <subfield code="2">lcc</subfield>
    <subfield code="4">0</subfield>
    <subfield code="7">0</subfield>
    <subfield code="a">MUC</subfield>
    <subfield code="b">MUC</subfield>
    <subfield code="c">GEN</subfield>
    <subfield code="d">2016-11-23</subfield>
    <subfield code="e">Donation(daystar University)</subfield>
    <subfield code="l">0</subfield>
    <subfield code="o">PR3989.3 .M94T7313 2015</subfield>
    <subfield code="p">22688</subfield>
    <subfield code="r">2016-11-23</subfield>
    <subfield code="w">2016-11-23</subfield>
    <subfield code="y">SH_L_BOOKS</subfield>
  </datafield>
  <datafield tag="952" ind1=" " ind2=" ">
    <subfield code="0">0</subfield>
    <subfield code="1">0</subfield>
    <subfield code="2">lcc</subfield>
    <subfield code="4">0</subfield>
    <subfield code="7">0</subfield>
    <subfield code="a">MUC</subfield>
    <subfield code="b">MUC</subfield>
    <subfield code="c">AFR</subfield>
    <subfield code="d">2016-11-23</subfield>
    <subfield code="e">Donation(daystar University)</subfield>
    <subfield code="l">1</subfield>
    <subfield code="o">PR3989.3 .M94T7313 2015</subfield>
    <subfield code="p">22855</subfield>
    <subfield code="r">2017-12-01</subfield>
    <subfield code="s">2017-11-29</subfield>
    <subfield code="w">2016-11-23</subfield>
    <subfield code="y">AFRICANA</subfield>
  </datafield>
</record>
